Riconosci lo Stato - Quiz n°114 - Statistics

Statistiche generali
  • Questo quiz è stato fatto 25 volte
  • Il punteggio medio è 12 su 12
Statistiche sulle risposte
Indizio Risposta % Corretto
Iniziale della Capitale G
100%
Valuta Rupia
100%
ISU 0,705
95%
Tasso di crescita 1,07%
95%
PIL (nominale) 1 417 000 milioni milioni di $
95%
Indipendenza 17 agosto 1945 dai Paesi Bassi
95%
Superficie 1 904 569 km²
95%
Popolazione 278 954 935 ab.
95%
Fuso Orario da UTC+7 a UTC+9
95%
Risposta Indonesia
95%
Presidente della Repubblica Joko Widodo Prabowo Subianto (eletto)
95%
Forma di Governo Repubblica presidenziale
95%
Nessun quiz corrispondente trovato
Distribuzione punteggi
Percentuale di utenti per punteggio
Percentile per numero di risposta
I tuoi punteggi nel tempo
Non hai fatto questo quiz